Η διαχείριση της κοιλάδας με τις πεταλούδες στη Ρόδο : πτυχιακή εργασία

Αποθηκεύτηκε σε:
Λεπτομέρειες βιβλιογραφικής εγγραφής
Κύριος συγγραφέας: Γκουζιώτη, Αλεξία
Συγγραφή απο Οργανισμό/Αρχή: Πανεπιστήμιο Αιγαίου. Σχολή Περιβάλλοντος. Τμήμα Περιβάλλοντος
Άλλοι συγγραφείς: Μάργαρης, Νίκος Σ., 1943-2013 (Εισηγητής διατριβής)
Μορφή: Thesis Βιβλίο
Γλώσσα:Greek
Δημοσίευση: Μυτιλήνη : Πανεπιστήμιο Αιγαίου, Τμήμα Περιβάλλοντος, 1996
Θέματα:
Διαθέσιμο Online:http://hdl.handle.net/11610/9928
Ετικέτες: Προσθήκη ετικέτας
Δεν υπάρχουν, Καταχωρήστε ετικέτα πρώτοι!

MARC

LEADER 00000cam a2200000 i 4500
001 1/5469
008 000605s1996 gre d
035 |l 10061593 
040 |a GR-MY-UA  |b gre  |e aacr 
041 0 |a gre 
082 0 |a 595.789  |2 (22) 
100 1 |a Γκουζιώτη, Αλεξία. 
245 1 2 |a Η διαχείριση της κοιλάδας με τις πεταλούδες στη Ρόδο :  |b πτυχιακή εργασία /  |c Αλεξία Γκουζιώτη ; υπεύθυνος καθηγητής: Ν.Σ. Μάργαρης 
260 |a Μυτιλήνη :   |b Πανεπιστήμιο Αιγαίου, Τμήμα Περιβάλλοντος,   |c 1996 
300 |a 98 σ.;  |b πιν., σχ.;  |c 30 εκ. 
502 |a Πτυχιακή εργασία – Πανεπιστήμιο Αιγαίου, Λέσβος, 1996. 
504 |a Περιέχει παραρτήματα και βιβλιογραφία 
650 0 0 |a Protected areas  |z Greece  |z Rhodes (Island) 
650 0 0 |a Wildlife management  |z Greece  |z Rhodes (Island) 
650 0 0 |a Butterflies  |z Greece  |z Rhodes (Island) 
650 0 0 |a Dissertations, Academic  |z Greece. 
700 1 |a Μάργαρης, Νίκος Σ.,   |d 1943-2013.  |4 ths 
710 2 |a Πανεπιστήμιο Αιγαίου.   |b Σχολή Περιβάλλοντος.   |b Τμήμα Περιβάλλοντος. 
852 |a INST  |b LESVOS  |c DIATR  |e 20000605  |h 245  |p 005100026041  |q 005100026041  |t DIE  |y 23 
852 |a INST  |b LESVOS  |c DIATR  |e 20000605  |h 246  |p 005100026042  |q 005100026042  |t DIE  |y 23 
856 |u http://hdl.handle.net/11610/9928 
901 |a BIBL1-2000-2 
909 |a Λ  |b 080260 
909 |a Λ  |b 080261 
924 |a ΓΚΟΥΖΙΩΤΗ  |b ΑΛΕΞΙΑ  |y ΛΕΣΒΟΣ  |z 1996-03 
970 |a ΑΙΒΑΤΖΙΔΟΥ  |b ΕΛΕΝΗ  |z 2000/06/05